Library Logo

فراست الید : ھاۃ اداسکی لکیروںکود یکھکراناکاءی سیرت اورات ماضی د مستقبل یر حکم لگانے کافن / (Record no. 240669)

000 -LEADER
fixed length control field 00624nam a22001697a 4500
003 - CONTROL NUMBER IDENTIFIER
control field BD-DhUL
005 - DATE AND TIME OF LATEST TRANSACTION
control field 20180422143924.0
008 - FIXED-LENGTH DATA ELEMENTS--GENERAL INFORMATION
fixed length control field 180422s1964 pk ||||| |||| 00| 0 urd d
040 ## - CATALOGING SOURCE
Original cataloging agency BD-DhUL
Transcribing agency BD-DhUL
082 ## - DEWEY DECIMAL CLASSIFICATION NUMBER
Classification number 520
Item number NIF
100 0# - MAIN ENTRY--PERSONAL NAME
Personal name نیاز فتحپوری
245 1# - TITLE STATEMENT
Title فراست الید : ھاۃ اداسکی لکیروںکود یکھکراناکاءی سیرت اورات ماضی د مستقبل یر حکم لگانے کافن /
Statement of responsibility, etc. نیاز فتحپوری
260 ## - PUBLICATION, DISTRIBUTION, ETC. (IMPRINT)
Place of publication, distribution, etc. کراچی :
Name of publisher, distributor, etc. دارۃ ادب عالیہ،
Date of publication, distribution, etc. ۱۹۶۵۔
300 ## - PHYSICAL DESCRIPTION
Extent ص۔ ؛
Other physical details ۲۰ سم۔
650 #0 - SUBJECT ADDED ENTRY--TOPICAL TERM
Topical term or geographic name as entry element Astronomy
942 ## - ADDED ENTRY ELEMENTS (KOHA)
Source of classification or shelving scheme
Koha item type Books
Holdings
Price effective from Date last seen Permanent Location Not for loan Date acquired Source of classification or shelving scheme Koha item type Lost status Withdrawn status Copy number Source of acquisition Collection code Damaged status Shelving location Barcode Current Location Full call number
2018-04-222018-04-22Dhaka University Library 2018-04-22 Books  1purchasedNon Fiction General StacksA56721Dhaka University Library520 NIF
Last Updated on September 15, 2019
© Dhaka University Library. All Rights Reserved|Staff Login